Gráfico: El reto del futuro

Gorde:
Xehetasun bibliografikoak
Erakunde egilea: UNA. Instituto de Estudios Sociales en Población
Formatua: Texto
Argitaratua: Heredia: El Instituto
Etiketak: Etiketa erantsi
Etiketarik gabe, Izan zaitez lehena erregistro honi etiketa jartzen!

MARC

LEADER 00000 a a2200000 04500
001 17056
003
040
090 |a EXTRAVIADO  
110 |a UNA. Instituto de Estudios Sociales en Población  
245 |a Gráfico: El reto del futuro  
260 |a Heredia:   |b El Instituto  
300 |a 1 p.  
999 |c 3416  |d 3416